00903cam a22002897a 4500003000500000005001700005008004100022010001000063011001000073020001500083035001000098040000900108082001400117100002700131245015100158260007500309300003000384410000900414490003000423650002100453650003900474650002100513700001800534700002200552810000900574830003000583CHAP20220329141942.0980918d1997 co a r 00110 spa d a76183 a77155 a9589439896 a86758 cCHAP04a633.4bW400aWheatley, Christopher.10aMétodos para agregar valor a raíces y tubérculos alimenticios :bmanual para el desarrollo de productosc/por Christopher Wheatley [y otros] aCali, Colombia :bCentro Internacional de Agricultura Tropical,c1997. a187 p. :bilus. ; cuadros21aCIAT 0aPublicación CIATv; 26914aPapaxProcesado.14aTubérculos y cultivos de raíz.14aYucaxProcesado.0 aBest, Rupert.0 aScott, Gregory J. aCIAT0 aPublicación CIATv; 269